[Event "Saarland-ch C"]
[Site "Schiffweiler"]
[Date "2009.04.09"]
[Round "7"]
[White "Ley, Stefan"]
[Black "Pirrung, Thomas"]
[Result "1-0"]
[WhiteElo "1484"]
[BlackElo "1369"]
[PlyCount "164"]
[EventDate "2009.04.03"]
[EventType "swiss"]
[EventRounds "9"]
[EventCountry "GER"]
[SourceTitle "EXT 2012"]
[Source "ChessBase"]
[SourceDate "2011.11.24"]
[SourceVersion "1"]
[SourceVersionDate "2011.11.24"]
[SourceQuality "1"]

1. e4 e5 2. Nf3 d6 3. d4 exd4 4. Nxd4 Nf6 5. Nc3 Nbd7 6. Bg5 h6 7. Bh4 Be7 8. f3 0-0 9. Nf5 Ne5 10. Nxe7+ Qxe7 11. Nd5 Qd8 12. Nxf6+ gxf6 13. Qd2 Kg7 14. 0-0-0 Ng6 15. Bf2 Qe7 16. Be3 Rh8 17. g3 Bd7 18. h4 h5 19. Be2 b6 20. Bf2 a5 21. Rdg1 b5 22. g4 hxg4 23. h5 Ne5 24. h6+ Kh7 25. fxg4 Rhg8 26. Qf4 b4 27. Bh4 Be6 28. Bxf6 Qd7 29. Bxe5 dxe5 30. Qxe5 Bxa2 31. Qf5+ Qxf5 32. exf5 f6 33. Rd1 Rad8 34. Rxd8 Rxd8 35. Bd3 Bd5 36. Rh2 Rg8 37. Be2 c5 38. b3 Bc6 39. Kb2 a4 40. bxa4 Bxa4 41. c3 Rd8 42. Bc4 bxc3+ 43. Kxc3 Bd1 44. Bf7 Rd4 45. Bg6+ Kh8 46. Ra2 Ra4 47. Rxa4 Bxa4 48. Kc4 Bd1 49. Kxc5 Bxg4 50. Kd6 Bd1 51. Ke6 Bb3+ 52. Kxf6 Bg8 53. Ke7 Bc4 54. f6 Bd5 55. Be4 Bc4 56. Bf5 Bf7 57. Be6 Bg6 58. Kf8 Bh5 59. Ke7 Bg6 60. Bf5 Bh5 61. Kd6 Bf7 62. Ke5 Bh5 63. Kf4 Bf7 64. Kg5 Be8 65. Be6 Bg6 66. Bd5 Be8 67. Bc6 Bf7 68. Bd7 Bc4 69. Kg6 Bd5 70. Be8 Be4+ 71. Kf7 Bd5+ 72. Kf8 Bc4 73. Bf7 Bd3 74. Bg8 Bg6 75. Bf7 Be4 76. Be6 Bg6 77. Ke7 Bh5 78. Bg4 Bg6 79. Bf5 Bh5 80. h7 Bf7 81. Be6 Bg6 82. Bg4 Kxh7 1-0

[Event "Saarland-ch C"]
[Site "Schiffweiler"]
[Date "2009.04.04"]
[Round "2"]
[White "Pirrung, Thomas"]
[Black "Ziegler, Karl Heinz"]
[Result "1/2-1/2"]
[WhiteElo "1369"]
[BlackElo "1356"]
[PlyCount "110"]
[EventDate "2009.04.03"]
[EventType "swiss"]
[EventRounds "9"]
[EventCountry "GER"]
[SourceTitle "EXT 2012"]
[Source "ChessBase"]
[SourceDate "2011.11.24"]
[SourceVersion "1"]
[SourceVersionDate "2011.11.24"]
[SourceQuality "1"]

1. d4 e6 2. Nf3 f5 3. Bf4 d5 4. Nbd2 Bd6 5. Bxd6 Qxd6 6. e3 Nf6 7. Ne5 Nbd7 8. Ndf3 Qb4+ 9. c3 Qxb2 10. Qc1 Qxc1+ 11. Rxc1 Nxe5 12. Nxe5 Nd7 13. Nf3 0-0 14. c4 c6 15. c5 Nf6 16. Bd3 Bd7 17. Ne5 Rfc8 18. h3 Be8 19. g4 fxg4 20. hxg4 b5 21. f3 a5 22. g5 Nh5 23. g6 hxg6 24. Bxg6 Bxg6 25. Nxg6 Ng3 26. Rh3 Nf5 27. e4 Nxd4 28. Ne7+ Kf7 29. Nxc8 Rxc8 30. Kd2 b4 31. Kd3 Nb5 32. e5 Nc3 33. a3 Na2 34. Rb1 b3 35. Rg3 Rc7 36. Kd2 Rb7 37. Rg4 Kf8 38. Ra4 Rb5 39. Rf4+ Kg8 40. a4 Rxc5 41. Rxb3 Nb4 42. Rc3 Rxc3 43. Kxc3 c5 44. Rg4 c4 45. Rg1 Na2+ 46. Kb2 Nb4 47. Rb1 d4 48. Rd1 Nd3+ 49. Rxd3 cxd3 50. Kc1 Kf8 51. Kd2 Ke7 52. Kxd3 Kd7 53. Kxd4 Kc6 54. Kc4 Kb6 55. f4 g6 1/2-1/2

[Event "Saarland-ch C"]
[Site "Schiffweiler"]
[Date "2009.04.03"]
[Round "1"]
[White "Christmann, Walter"]
[Black "Pirrung, Thomas"]
[Result "1-0"]
[WhiteElo "1155"]
[BlackElo "1369"]
[PlyCount "49"]
[EventDate "2009.04.03"]
[EventType "swiss"]
[EventRounds "9"]
[EventCountry "GER"]
[SourceTitle "EXT 2012"]
[Source "ChessBase"]
[SourceDate "2011.11.24"]
[SourceVersion "1"]
[SourceVersionDate "2011.11.24"]
[SourceQuality "1"]

1. e4 e5 2. Nf3 d6 3. Nc3 Nf6 4. d3 Bg4 5. Be2 Nc6 6. Bg5 Be7 7. 0-0 0-0 8. Qd2 a6 9. a3 Bxf3 10. Bxf3 Nd4 11. Be2 Nxe2+ 12. Qxe2 c6 13. Nd1 h6 14. Bh4 Re8 15. Ne3 Qd7 16. Nf5 Bd8 17. Qe3 Kh7 18. f4 Ng4 19. Qg3 Bxh4 20. Qxh4 Nf6 21. Rf3 exf4 22. Rh3 h5 23. Qxf4 Rg8 24. Qg5 b5 25. Rxh5+ 1-0

[Event "Saarland-ch B"]
[Site "Eppelborn"]
[Date "2008.03.26"]
[Round "5"]
[White "Reinstaedler, Gerold"]
[Black "Pirrung, Thomas"]
[Result "1-0"]
[WhiteElo "1612"]
[BlackElo "1414"]
[PlyCount "33"]
[EventDate "2008.03.14"]
[EventType "swiss"]
[EventRounds "7"]
[EventCountry "GER"]
[SourceTitle "EXT 2010"]
[Source "ChessBase"]
[SourceDate "2010.11.25"]
[SourceVersion "1"]
[SourceVersionDate "2010.11.25"]
[SourceQuality "1"]

1. e4 e5 2. Nf3 d6 3. d4 exd4 4. Nxd4 Nf6 5. Nc3 Bg4 6. Be2 Bxe2 7. Qxe2 Nbd7 8. Bg5 h6 9. Bh4 g5 10. Bg3 a6 11. 0-0-0 Be7 12. f4 g4 13. Nf5 Bf8 14. e5 dxe5 15. fxe5 Nh5 16. Bh4 Nf4 17. Qe4 1-0

[Event "Saarland-ch C"]
[Site "Saarlouis Steinrausch"]
[Date "2005.03.26"]
[Round "9"]
[White "Pirrung, Thomas"]
[Black "Gordziel, Martin"]
[Result "1-0"]
[WhiteElo "1430"]
[BlackElo "1290"]
[PlyCount "103"]
[EventDate "2005.03.18"]
[EventType "swiss"]
[EventRounds "9"]
[EventCountry "GER"]
[SourceTitle "EXT 2012"]
[Source "ChessBase"]
[SourceDate "2011.11.24"]
[SourceVersion "1"]
[SourceVersionDate "2011.11.24"]
[SourceQuality "1"]

1. d4 d5 2. e3 Nf6 3. c4 c5 4. cxd5 cxd4 5. Qxd4 Qxd5 6. Qxd5 Nxd5 7. Bd2 e6 8. a3 Be7 9. Nc3 Nf6 10. Nb5 Na6 11. Rc1 Bd7 12. Nf3 0-0 13. Ne5 Rfd8 14. Nxd7 Rxd7 15. Bc3 Rc8 16. Nxa7 Rc5 17. b4 Rcc7 18. Nb5 Rc8 19. Be2 Ne4 20. 0-0 Nxc3 21. Rxc3 Rcd8 22. Rfc1 Rd2 23. Bf3 Nb8 24. Rc8 Nc6 25. Rxd8+ Nxd8 26. Kf1 g6 27. Rc7 Kf8 28. Bxb7 Bf6 29. Rc8 Rd7 30. Bf3 Ke7 31. Rc7 Rxc7 32. Nxc7 Kd7 33. Nb5 Be5 34. h3 Nc6 35. Bxc6+ Kxc6 36. a4 Kb6 37. Ke2 Bg7 38. Kd3 Bf8 39. Kc4 h5 40. a5+ Kb7 41. Nd4 e5 42. Nf3 f6 43. Kb5 Ka7 44. Nh4 g5 45. Nf5 h4 46. e4 Kb7 47. f3 Ka7 48. Ne3 Be7 49. Nd5 Bd8 50. Kc6 Kb8 51. a6 Ka7 52. b5 1-0

[Event "Saarland-ch C"]
[Site "Saarlouis Steinrausch"]
[Date "2005.03.20"]
[Round "3"]
[White "Pirrung, Thomas"]
[Black "Herrmann, Klaus"]
[Result "0-1"]
[WhiteElo "1430"]
[BlackElo "1474"]
[PlyCount "82"]
[EventDate "2005.03.18"]
[EventType "swiss"]
[EventRounds "9"]
[EventCountry "GER"]
[SourceTitle "EXT 2012"]
[Source "ChessBase"]
[SourceDate "2011.11.24"]
[SourceVersion "1"]
[SourceVersionDate "2011.11.24"]
[SourceQuality "1"]

1. d4 d5 2. e3 g6 3. c4 Nf6 4. Nc3 Bg7 5. Nf3 0-0 6. c5 c6 7. Bd3 Nbd7 8. Bd2 Re8 9. b4 Qc7 10. Rc1 e5 11. dxe5 Nxe5 12. Be2 Bf5 13. Nd4 Nd3+ 14. Bxd3 Bxd3 15. Qb3 Bc4 16. Qc2 Ne4 17. Nxe4 Rxe4 18. Nf3 h6 19. a3 Rae8 20. Kd1 Qd7 21. h3 d4 22. Qxc4 dxe3 23. Qe2 exd2 24. Qxd2 Qe7 25. Qa2 Rd8+ 26. Nd2 Rxd2+ 27. Qxd2 Rd4 28. Qxd4 Bxd4 29. Rc2 Qe4 30. Re1 Qxg2 31. Re8+ Kg7 32. Rce2 Qf3 33. R8e7 Qxa3 34. Rxb7 Bf6 35. Rd2 Qa1+ 36. Kc2 Bg5 37. Rdd7 Qc1+ 38. Kb3 Qb1+ 39. Kc4 Qc2+ 40. Kd4 Qxf2+ 41. Ke4 Qe3# 0-1